| 000 | 00787nam1a22002291i 4500 | ||
|---|---|---|---|
| 001 | rc\949366 | ||
| 005 | 20260406152617.0 | ||
| 035 | _a(NLR Aleph) 006243891 | ||
| 090 |
_a6690937 _c6690937 |
||
| 100 | _a20041129d1982 u |0rusy50 ca | ||
| 101 | 0 | _arus | |
| 102 | _aRU | ||
| 105 | _ay ||||||||| | ||
| 200 | 1 |
_aМолдавская художественная литература и критика... _e(Библиогр. указ.) _fАН МССР, Ин-т яз. и лит. |
|
| 210 |
_aКишинев _cШтиинца _d1982 |
||
| 215 | _d21 | ||
| 300 | _aОбл. молд. | ||
| 712 | 0 | 2 |
_aИнститут языка и литературы _cКишинев _3RU\NLR\AUTH\889928055 _9351736 |
| 801 | 0 |
_aRU _bNLR _gpsbo |
|
| 801 | 1 |
_aRU _bELAR _2rusmarc |
|
| 852 |
_aNLR _bОНЛ |
||
| 942 | _cBOOK | ||